Strategic Compensation: A Human Resource Management Approach/ (Record no. 175535)

MARC details
000 -LEADER
fixed length control field 00706nam a22002057a 4500
005 - DATE AND TIME OF LATEST TRANSACTION
control field 20200908144147.0
010 ## - LCCN (DPL NO)
LC control number ENG-128391
020 ## - INTERNATIONAL STANDARD BOOK NUMBER
Terms of availability 550.00
International Standard Book Number 9789353945947
035 ## - SYSTEM CONTROL NUMBER
System control number EN-111923
037 ## - SOURCE OF ACQUISITION
Source of stock number/acquisition DBAD/PUB
082 ## - DEWEY DECIMAL CLASSIFICATION NUMBER
Classification number 658.322
100 ## - MAIN ENTRY--PERSONAL NAME
Personal name Martocchio, Joseph J.
245 ## - TITLE STATEMENT
Title Strategic Compensation: A Human Resource Management Approach/
Statement of responsibility, etc by Joseph J. Martocchio
250 ## - EDITION STATEMENT
Edition statement 10th edition
260 ## - PUBLICATION, DISTRIBUTION, ETC. (IMPRINT)
Place of publication, distribution, etc Noida
Name of publisher, distributor, etc Pearson
Date of publication, distribution, etc 2020
270 ## - ADDRESS
Address 15th floor,Tower-B,Word Trade Tower,Plot no.1,Block-C sec 16,
City Noida
Postal code 201301
Telephone number 04466540100
Electronic mail address companysecretary.india@pearson.com
300 ## - PHYSICAL DESCRIPTION
Extent xxi;394p.
Dimensions 25cm(pbk)
Other physical details Illustration,
500 ## - GENERAL NOTE
General note HRM
942 ## - ADDED ENTRY ELEMENTS (KOHA)
Source of classification or shelving scheme Dewey Decimal Classification
Item type English Books
Classification part 658.322
Call number suffix MAR
Holdings
Withdrawn status Lost status Not for loan Collection code Home library Current library Date acquired Source of acquisition Cost, normal purchase price Full call number Barcode Cost, replacement price Koha item type
    Not For Loan Non-fiction Andrews Gunj Andrews Gunj 08/09/2020 DBAD 550.00 658.322 MAR EN-111923 550.00 English Books

© Delhi Public Library
Hit Counter
free hit counter